| 000 | 00526nam a22001937a 4500 | ||
|---|---|---|---|
| 003 | OSt | ||
| 005 | 20160921183156.0 | ||
| 008 | 160921b xxu||||| |||| 00| 0 eng d | ||
| 020 | _a9781416054184 | ||
| 040 | _cDNLM. | ||
| 082 | _aWL17F325n 2010 | ||
| 100 |
_aFelten,L.David;Shetty,N.Anil; _911083 |
||
| 245 | _aNetter's atlas of Neuroscience. | ||
| 260 |
_aPhiladelphia. _bSaunders Elsevier, _c2010 |
||
| 300 |
_axviii,438p; _bcol,ill; _c28cm. |
||
| 504 | _aincludes index. | ||
| 650 |
_aMedicine. _9324 |
||
| 942 |
_2z _cO_SHELF |
||
| 999 |
_c5261 _d5261 |
||